Impact of Mid-day Meal Scheme on Enrollment, Retention and Attendance in the State of Himachal Pradesh/ (Record no. 38452)

MARC details
000 -LEADER
fixed length control field 00661nam a22001457a 4500
082 ## - DEWEY DECIMAL CLASSIFICATION NUMBER
Classification number RP.0368
100 ## - MAIN ENTRY--AUTHOR NAME
Personal name Pathania, Anita
Affiliation Shanti Alya, Institute of Education and Training.
Place Shimla
245 ## - TITLE STATEMENT
Title Impact of Mid-day Meal Scheme on Enrollment, Retention and Attendance in the State of Himachal Pradesh/
Statement of responsibility, etc Anita Pathania.
260 ## - PUBLICATION, DISTRIBUTION, ETC. (IMPRINT)
Place of publication Summer Hill, Shimla :
Name of publisher/Sponsor Shanti Alya, Institute of Education and Training,
Year of publication 2017.
300 ## - PHYSICAL DESCRIPTION
Number of Pages ix,147p.
500 ## - GENERAL NOTE
General note Included Graphs and Illustrations
536 ## - FUNDING INFORMATION NOTE
Funding Agency Indian Council of Social Science Research (ICSSR)
650 ## - SUBJECT ADDED ENTRY--TOPICAL TERM
Topical Term Mid-day Meal
Form subdivision Social Welfare Scheme
General subdivision Education
-- Sociology
Geographic subdivision Himachal Pradesh
942 ## - ADDED ENTRY ELEMENTS (KOHA)
Source of classification or shelving scheme Dewey Decimal Classification
Koha item type Research Reports
Holdings
Withdrawn status Lost status Damaged status Not for loan Collection code Home library Current library Date acquired Source of acquisition Full call number Accession Number Price effective from Koha item type
      Not For Loan Major Research Project Reports NASSDOC Library NASSDOC Library 15/06/2023 Major Research Project Division RP.0368 53712 15/06/2023 Research Reports